<?xml version="1.0" encoding="UTF-8"?>
<marc:record xmlns:marc="http://www.loc.gov/MARC21/slim">
   <marc:leader>00000nam a2200000 a 4500</marc:leader>
   <marc:datafield ind1="1" ind2=" " tag="100">
      <marc:subfield code="a">Liz, Sheila de</marc:subfield>
      <marc:subfield code="4">aut</marc:subfield>
      <marc:subfield code="e">Verfasser/-in</marc:subfield>
   </marc:datafield>
   <marc:datafield ind1="0" ind2="0" tag="245">
      <marc:subfield code="a">Light my fire</marc:subfield>
   </marc:datafield>
   <marc:datafield ind1="0" ind2="0" tag="245">
      <marc:subfield code="b">Für den Sex deines Lebens</marc:subfield>
   </marc:datafield>
   <marc:datafield ind1=" " ind2="1" tag="264">
      <marc:subfield code="b">Rowohlt </marc:subfield>
      <marc:subfield code="c">2026</marc:subfield>
   </marc:datafield>
   <marc:datafield ind1="1" ind2=" " tag="520">
      <marc:subfield code="a">Guter Sex ist keine Frage des Alters!

Schluss mit den Mythen über nachlassende Lust und sexloses Älterwerden: Gerade im Midlife bleibt Sex wichtig, damit wir uns gut und gesund fühlen. Doch was tun, wenn die Libido nachlässt? Die beliebte Gynäkologin Dr. med. Sheila de Liz erklärt mit Witz, Offenheit und klaren Worten, wie Lust wirklich funktioniert, warum sie manchmal verschwindet und wie man sie – auch in Langzeitbeziehungen – wieder zurückholt.

Informativ, ehrlich und befreiend – denn für den Sex deines Lebens ist es nie zu spät.</marc:subfield>
   </marc:datafield>
   <marc:datafield ind1=" " ind2=" " tag="020">
      <marc:subfield code="a">9783499018350</marc:subfield>
      <marc:subfield code="9">9783499018350</marc:subfield>
   </marc:datafield>
</marc:record>
